European investment (Record no. 117832)

MARC details
000 -LEADER
fixed length control field 01132cam a2200205 4500
001 - CONTROL NUMBER
control field WB4031-03
008 - FIXED-LENGTH DATA ELEMENTS--GENERAL INFORMATION
fixed length control field 040810n2004 000 0 eng u
035 ## - SYSTEM CONTROL NUMBER
System control number (Sirsi) u127041
245 ## - TITLE STATEMENT
Title European investment
260 ## - PUBLICATION, DISTRIBUTION, ETC.
Date of publication, distribution, etc. 2004
490 ## - SERIES STATEMENT
Series statement Europroperty
Volume/sequential designation 8 August 2004 (1)
520 ## - SUMMARY, ETC.
Summary, etc. According to the latest "European capital markets bulletin" from Jones Lang LaSalle, European investment volumes look set to reach an all-time high this year. They reached Ł41.3bn in the first half of 2004 and predictions are that the total will reach Ł89bn by the end of the year. The volume of cross-border investment in the first half of 2004 was Ł15bn. The UK has been the main loser in core markets and its share of cross-border investment fell from 39.3% in 2003 to 30% in the first half of 2004. The report can be viewed, after registering, at: http://www.research.joneslanglasalle.com/?Language ID=1&CountryID=76&ParentCountry=4&CountryLeveL=1.
590 ## - LOCAL NOTE (RLIN)
Local note WB
590 ## - LOCAL NOTE (RLIN)
Local note WB
650 ## - SUBJECT ADDED ENTRY--TOPICAL TERM
Topical term or geographic name entry element EUROPE
650 ## - SUBJECT ADDED ENTRY--TOPICAL TERM
Topical term or geographic name entry element INVESTMENT MARKET
650 ## - SUBJECT ADDED ENTRY--TOPICAL TERM
Topical term or geographic name entry element PROPERTY INDEX
690 ## - LOCAL SUBJECT ADDED ENTRY--TOPICAL TERM (OCLC, RLIN)
Topical term or geographic name as entry element COMMERCIAL PROPERTY-INVESTMENT
942 ## - ADDED ENTRY ELEMENTS (KOHA)
Suppress in OPAC 0
Holdings
Withdrawn status Lost status Source of classification or shelving scheme Damaged status Not for loan Home library Current library Shelving location Date acquired Total Checkouts Full call number Barcode Date last seen Copy number Price effective from Koha item type
    Dewey Decimal Classification     London London News article 10/08/2004   WB4031-03 127041-1001 06/08/2019 1 06/08/2019 News article